[Event "PanAm Intercolleagiate-ch 2019"]
[Site "Charlotte"]
[Date "2019.12.28"]
[Round "1.1"]
[White "Bruzon Batista, Lazaro"]
[Black "Premkumar, Hiren"]
[Result "1-0"]
[WhiteElo "2640"]
[BlackElo "1794"]
[Annotator "TA"]
[PlyCount "69"]
[EventDate "2019.12.27"]
[EventType "team-tourn"]
[EventCountry "USA"]
[SourceTitle "playchess.com"]
[Source "ChessBase"]
[SourceQuality "1"]

{[%evp 14,69,40,42,66,69,83,72,95,97,90,81,88,88,90,89,147,152,147,145,172,120,127,120,107,116,112,121,116,105,185,191,185,184,270,263,366,357,370,216,360,285,454,455,450,454,456,450,565,544,629,629,634,618,694,681,686,678]} 1. e4 d6 2. d4 Nf6 3. f3 e5 4. Ne2 Nbd7 5. c4 Be7 6. Be3 O-O 7. Nbc3 c6 8. d5 Qc7 {A53: Old Indian Defence without Nf3} (8... a5 9. Nc1 cxd5 10. cxd5 b6 11. Bb5 Nc5 12. Bc6 Rb8 13. Nb5 Ba6 14. O-O Ne8 15. Nd3 f5 16. b4 Nxd3 17. Qxd3 axb4 18. exf5 {1-0 (51) Lenic,L (2662)-Plat,V (2569) chess.com INT 2018}) 9. Qd2 a6 10. Rc1 Ne8 {White is better.} 11. Ng3 g6 12. Bd3 $146 ({Predecessor:} 12. dxc6 bxc6 13. Bd3 {1-0 (35) Reza,W (2182)-Golek,J (2067) Warsaw 2014}) 12... Ng7 13. O-O Nf6 14. b4 c5 ({Black should play} 14... Qd8) 15. bxc5 $16 dxc5 16. Rb1 Bd7 17. Qb2 ({Better is} 17. Bg5 $18) 17... Rfb8 18. Qb6 Qxb6 19. Rxb6 Bd8 20. Rb3 ({Much weaker is} 20. Bxc5 $6 Rc8 $11) 20... b6 21. Rfb1 {Threatens to win with Bxc5!} Rc8 (21... Bc7 $16 {might work better.}) 22. Rxb6 $18 Bxb6 23. Rxb6 Nfe8 (23... Nge8 {keeps fighting.} 24. Nge2 Rc7) 24. Nge2 Ra7 25. Nc1 Nc7 26. Bxc5 (26. Be2 $142) 26... Na8 (26... Nxd5 {was necessary.} 27. Nxd5 Rxc5) 27. Rc6 Rb7 (27... Bxc6 {was worth a try.} 28. Bxa7 Bb5) 28. Rxc8+ {White is clearly winning.} Bxc8 29. Ba3 Ne8 30. c5 Rc7 31. Nb3 f5 32. Na5 Nb6 33. c6 Kf7 34. d6 Ra7 35. Bc5 {Accuracy: White = 84%, Black = 36%.} 1-0

[Event "PanAm Intercolleagiate-ch 2019"]
[Site "Charlotte"]
[Date "2019.12.28"]
[Round "1.5"]
[White "Virkud, Apurva"]
[Black "Swiercz, Dariusz"]
[Result "0-1"]
[WhiteElo "2111"]
[BlackElo "2659"]
[Annotator "TA"]
[PlyCount "98"]
[EventDate "2019.12.27"]
[EventType "team-tourn"]
[EventCountry "USA"]
[SourceTitle "playchess.com"]
[Source "ChessBase"]
[SourceQuality "1"]

{[%evp 9,98,25,23,30,29,22,31,15,24,0,9,0,0,0,0,0,0,0,0,0,0,0,8,0,0,0,0,0,0,0,0,-14,-10,-19,-12,-10,0,-86,-103,-114,-110,-135,-124,-129,-44,-83,-70,-77,-11,-245,-251,-377,-345,-1026,-338,-338,-275,-264,-229,-278,-287,-236,-208,-391,-389,-406,-438,-406,-393,-397,-388,-396,-389,-386,-389,-453,-370,-486,-483,-472,-472,-1194,-1185,-994,-970,-915,-880,-857,-664,-777,-339]} 1. d4 d6 2. c4 e5 3. d5 a5 4. Nc3 Na6 5. e4 g6 6. Bd3 {A41: 1 d4 d6: Tartakower System and Modern Defence} Bh6 7. Nge2 $146 ({Predecessor:} 7. Bxh6 Nxh6 8. Qd2 Nc5 9. Bc2 Ng8 10. f4 exf4 11. Qxf4 {0-1 (66) Hebden,M (2549)-Heidenfeld,M (2370) Bunratty 2014}) 7... Bxc1 8. Rxc1 {White is slightly better.} Nf6 9. Ng3 Nc5 10. Bb1 h5 11. h4 Bd7 12. Qd2 O-O 13. f3 Nh7 14. Nd1 {[%cal Bc3d1,Bd1f2,Bf2d3][%mdl 32]} Qf6 15. Nf2 Qg7 16. Nd3 b6 17. b3 f5 18. Nxc5 bxc5 19. exf5 Bxf5 20. Be4 Bxe4 21. Nxe4 Rf4 22. Qe3 Raf8 23. a4 {[#]} (23. Kd2 $11 {remains equal.}) 23... g5 $1 $17 24. hxg5 Nxg5 25. Nxg5 Qxg5 26. Rc2 e4 (26... Qg6 $17 27. Rc3 h4) 27. Rf2 Qe5 {[#] Threatens to win with ...Qa1+.} 28. O-O exf3 (28... Rh4 $17 {[%csl Gh4][%cal Re5h2]} 29. g3 Rh3) 29. Qd3 $2 (29. Qxe5 $11 {and White stays safe.} dxe5 30. Rxf3) 29... fxg2 $19 30. Rxg2+ (30. Qg6+ {was the only chance.} Qg7 31. Qxg7+ Kxg7 32. Rxg2+ Rg4 33. Rb1) 30... Kh8 31. Rc1 $2 (31. Rxf4 Rxf4 32. Qd2) 31... Rf3 $2 (31... R8f7 {White must now prevent ...Rg7.} 32. Qd2 Rg7) 32. Qd2 {[%cal Rd2h6]} Qe3+ 33. Qxe3 Rxe3 {[%mdl 4096] Endgame KRR-KRR} 34. Kh2 Rg8 35. Rf2 Kh7 36. Rcf1 $2 (36. Rb1) 36... Rxb3 37. Rf5 Kh6 38. Rf7 Rg7 39. R1f6+ Kh7 40. Rf5 Rb4 41. Rf8 Rxc4 {[%cal Rc4h4]} 42. Rxh5+ Kg6 43. Rh3 {intending Rg3+.} Rg4 {Black is clearly winning.} 44. Rfh8 Kf6 {( -> ...Rg2+)} 45. Rf3+ (45. Re3 $142) 45... Ke5 46. Rd3 Rg2+ 47. Kh1 Rg1+ 48. Kh2 R7g2+ 49. Kh3 Rh1+ {Accuracy: White = 42%, Black = 70%.} (49... Rg8 $142 {[%cal Rg8h8]} 50. Kh2 c4) 0-1

[Event "PanAm Intercolleagiate-ch 2019"]
[Site "Charlotte"]
[Date "2019.12.28"]
[Round "1.6"]
[White "Ipatov, Alexander"]
[Black "Webster, Kyle"]
[Result "1-0"]
[WhiteElo "2631"]
[BlackElo "1893"]
[Annotator "TA"]
[PlyCount "115"]
[EventDate "2019.12.27"]
[EventType "team-tourn"]
[EventCountry "USA"]
[SourceTitle "playchess.com"]
[Source "ChessBase"]
[SourceQuality "1"]

{[%evp 9,115,-5,43,42,45,39,43,41,47,34,61,37,29,40,62,34,41,39,76,51,74,54,52,16,19,16,53,54,93,91,104,59,54,58,58,57,56,62,55,59,69,68,76,58,59,50,93,92,93,84,90,45,42,23,37,32,32,31,44,47,131,0,73,81,69,15,18,26,70,47,68,42,158,158,166,174,183,170,310,295,470,468,598,572,649,630,888,888,888,881,881,881,873,863,846,830,12835,12835,12835,12835,12836,12836,12838,12839,12840,12841,12842,12843]} 1. d4 d5 2. c4 c6 3. Nf3 Nf6 4. Nc3 a6 5. g3 b5 (5... dxc4 6. Bg2 Nbd7 7. b3 cxb3 8. Qxb3 e6 9. O-O Be7 10. Rd1 O-O 11. Rb1 a5 12. Qc2 Nd5 13. e4 Nxc3 14. Qxc3 {1-0 (61) Salem,A (2668)-Antipov,M (2599) Abu Dhabi 2019}) 6. b3 {D15: Slav Defence: 4 Nc3 a6 and gambit lines after 4 Nc3 dxc4} g6 7. Bg2 Bg7 8. O-O {White is slightly better.} O-O 9. Ne5 Bb7 10. Bf4 Nbd7 11. Rc1 Nb6 12. cxd5 cxd5 $146 ({Predecessor:} 12... Nbxd5) 13. Nd3 Ra7 14. Qd2 Ne4 15. Qe3 Nd6 16. Be5 Nf5 17. Qd2 $1 Bh6 18. Bf4 Bg7 19. e3 e6 20. Nxb5 axb5 21. Bc7 $1 {[%cal Rc7d8]} Qa8 ({Much weaker is} 21... Nc4 22. Rxc4 Qa8 23. Rc2 $16) 22. Bxb6 Rxa2 23. Rc2 Rxc2 24. Qxc2 Qa6 25. Bc5 {Black must now prevent g4.} Rc8 26. Qb1 h5 27. Bb4 Bf8 28. Bxf8 Kxf8 29. Nc5 Qa7 30. Qe1 Bc6 31. f3 Re8 32. g4 Ng7 $1 33. Nd3 Kg8 34. Qb4 e5 ({Black should try} 34... Bd7 $14) 35. Rc1 (35. Nxe5 $16 Rxe5 36. dxe5) 35... Ba8 (35... Bd7 $11) 36. Qc5 $36 {[%mdl 2048] White is in control.} Qxc5 37. Nxc5 (37. dxc5 $14 d4 38. exd4) 37... exd4 $11 38. exd4 b4 39. Bf1 Rc8 40. Re1 Ne6 (40... Bc6 $14) 41. Nxe6 $16 fxe6 42. Rxe6 {[%mdl 4096] Endgame KRB-KRB} Kf7 43. Ra6 Kg7 (43... hxg4 $142 44. fxg4 g5) 44. Bb5 $18 Rc3 (44... hxg4 {might work better.} 45. fxg4 g5 46. Ra7+ Kf6) 45. g5 {White is clearly winning.} ({Less strong is} 45. Rxa8 Rxf3 46. g5 Rf4 $18) 45... Rc8 46. h4 Rf8 47. Kf2 Bb7 48. Ra7 Rf7 49. Be8 Rc7 50. Kg3 Kh7 51. Bb5 Rg7 52. Bd3 Bc8 53. Rxg7+ Kxg7 54. Kf4 Kf7 55. Ke5 Bh3 56. Kxd5 Be6+ 57. Kc5 Bxb3 58. Bc4+ {Accuracy: White = 60%, Black = 29%.} 1-0

[Event "PanAm Intercolleagiate-ch 2019"]
[Site "Charlotte"]
[Date "2019.12.28"]
[Round "1.8"]
[White "Bok, Benjamin"]
[Black "Konovalenko, Nicholas"]
[Result "1-0"]
[WhiteElo "2636"]
[BlackElo "1526"]
[Annotator "TA"]
[PlyCount "47"]
[EventDate "2019.12.27"]
[EventType "team-tourn"]
[EventCountry "USA"]
[SourceTitle "playchess.com"]
[Source "ChessBase"]
[SourceQuality "1"]

{[%evp 11,47,0,14,10,16,-8,20,4,8,13,2,0,77,68,66,75,92,58,67,66,109,102,181,177,193,186,171,185,491,368,520,506,1598,1524,1533,1470,29991,29991]} 1. Nf3 d5 2. e3 Bg4 3. c4 e6 4. Nc3 c6 5. Qb3 Qc7 6. d4 Nf6 7. Bd2 {D11: Slav Defence: 3 Nf3 sidelines and 3...Nf6 4 e3 Bg4} (7. Nh4 Be7 8. h3 Bh5 9. g4 Bg6 10. Nxg6 hxg6 11. Bg2 Nbd7 12. cxd5 exd5 13. Qc2 Bd6 14. Bd2 O-O-O {0-1 (28) Dreev,A (2653)-Korobov,A (2652) Riadh 2017}) 7... Nbd7 8. h3 Bf5 9. Nh4 $146 {Strongly threatening cxd5.The position is equal.} ({Predecessor:} 9. Rc1 Qb8 10. Be2 Be7 11. g4 Bg6 12. cxd5 Nxd5 13. Nxd5 exd5 {1-0 (44) Loyen,E (2082)-Wagner,R (2084) Germany 2008}) 9... Be4 10. cxd5 exd5 11. O-O-O b5 (11... h5 $11 {keeps the balance.}) 12. f3 $36 {[%mdl 2048] White has good play.} Bg6 13. Nxg6 hxg6 14. Bd3 Be7 15. e4 dxe4 16. fxe4 ({Much worse is} 16. Nxe4 $6 a5 $11) ({Don't play} 16. Bxe4 $6 Nb6 $11) 16... Qg3 (16... Qb6 $16 {was necessary.}) 17. Ne2 $18 Qxg2 18. Nf4 Qf2 19. e5 Nh5 $2 (19... Qxd4 20. exf6 Nc5) 20. Nxh5 gxh5 (20... O-O-O {might work better.} 21. Nf4 Qxd4 22. Qxf7 {[%mdl 64] Double Attack} Qc5+ 23. Kb1 Nxe5 24. Qe6+ (24. Qxg7 Rhg8 $16) 24... Kb8 25. Nxg6 Nxd3 26. Nxe7 Kb7) 21. Rhf1 Qxd4 (21... Nc5 $142 22. Rxf2 Nxb3+ 23. axb3 O-O) 22. Qxf7+ {[%mdl 64] [#] Double Attack} Kd8 23. Ba5+ Nb6 24. Bf5 {Accuracy: White = 55%, Black =  8%.} 1-0

[Event "PanAm Intercolleagiate-ch 2019"]
[Site "Charlotte"]
[Date "2019.12.28"]
[Round "1.11"]
[White "Cordova, Emilio"]
[Black "Nilizadeh, Amirfarhad"]
[Result "1-0"]
[WhiteElo "2585"]
[BlackElo "1664"]
[Annotator "TA"]
[PlyCount "67"]
[EventDate "2019.12.27"]
[EventType "team-tourn"]
[EventCountry "USA"]
[SourceTitle "playchess.com"]
[Source "ChessBase"]
[SourceQuality "1"]

{[%evp 19,67,20,32,37,79,87,73,87,129,136,116,122,126,136,426,427,431,422,418,418,432,432,440,426,436,429,475,479,724,707,705,704,659,659,661,646,708,710,705,702,689,682,1161,1294,1072,1008,29990,29980,29996,29997]} 1. Nf3 d5 2. d4 Nf6 3. c4 e6 4. g3 Be7 5. Bg2 O-O 6. O-O Nbd7 7. Qc2 b6 8. cxd5 exd5 9. Bf4 c5 10. Nc3 Bb7 11. Rad1 {E18: Queen's Indian: Old Main Line (4 g3 Bb7 5 Bg2 Be7 6 0-0 0-0 7 Nc3)} Nh5 (11... Rc8 12. dxc5 Nxc5 13. Nd4 Nce4 14. Qa4 Nc5 15. Qc2 Nce4 16. Qa4 Nc5 17. Qc2 Nce4 {½-½ (17) Gunina,V (2496)-Inarkiev,E (2693) Moscow 2018}) 12. dxc5 Nxf4 13. gxf4 {White is better.} Nxc5 {[#]} 14. Nxd5 $146 {[%mdl 512]} ({Predecessor:} 14. Ne5 d4 15. Bxb7 Nxb7 16. Nc6 Qd7 17. Nxe7+ Qxe7 18. Rxd4 Rfd8 19. Rfd1 Rxd4 20. Rxd4 Rd8 21. Nd5 Qe6 22. f5 Qe5 23. e3 Nc5 24. f4 Qb8 25. Ne7+ {1-0 (25) Veingold,A (2465)-Abuin Boullon,M Ponferrada 1992}) 14... Bxd5 15. Ne5 Rc8 16. Bxd5 Qc7 $2 {[%mdl 8192]} (16... Qe8 $16 17. Rd2 Rc7) 17. Qf5 $18 Bf6 {[#]} 18. Nxf7 $1 Rxf7 19. b4 ({Weaker is} 19. Bxf7+ Kxf7 20. e4 g6 $14) 19... Rcf8 20. bxc5 bxc5 21. Rc1 Be7 22. Rfd1 Bd6 23. e3 Qe7 (23... Kh8 $142 24. Bxf7 Rxf7) 24. Bxf7+ Rxf7 25. Qd5 Bc7 26. Rxc5 g6 27. Qg5 Bb6 28. Rc8+ Kg7 29. Qxe7 Rxe7 30. a4 Re4 31. Rd7+ Kf6 32. Rc6+ Kf5 33. Kg2 Rxa4 34. Kf3 {Accuracy: White = 100%, Black = 34%.} 1-0

[Event "PanAm Intercolleagiate-ch 2019"]
[Site "Charlotte"]
[Date "2019.12.28"]
[Round "1.13"]
[White "Jaffe, Joel"]
[Black "Baryshpolets, Andrey"]
[Result "0-1"]
[WhiteElo "1978"]
[BlackElo "2564"]
[Annotator "TA"]
[PlyCount "144"]
[EventDate "2019.12.27"]
[EventType "team-tourn"]
[EventCountry "USA"]
[SourceTitle "playchess.com"]
[Source "ChessBase"]
[SourceQuality "1"]

{[%evp 23,144,18,8,0,0,-11,-9,-11,0,-23,0,-20,-20,-17,-16,-37,-37,-41,-39,-41,-41,-36,-43,-39,-43,-33,-33,-37,-45,-56,-22,-22,-17,-25,-32,-72,-65,-102,-89,-95,-98,-111,-112,-99,-53,-196,-199,-192,-217,-305,-218,-210,-159,-312,-176,-234,-248,-237,-202,-470,-469,-676,-676,-676,-676,-676,-672,-632,-631,-591,-410,-381,-375,-381,-400,-478,-478,-478,-477,-436,-381,-377,-355,-371,-371,-350,-358,-351,-335,-335,-303,-297,-335,-335,-335,-335,-335,-2427,-1801,-6613,-11018,-6937,-6567,-6392,-6058,-5773,-5773,-5631,-5588,-5476,-5461,-5461,-5461,-5003,-4618,-4562,-2758,-1322,-449,-4598,-2058,-29978,-29978]} 1. e4 c5 2. d4 cxd4 3. c3 Nf6 4. e5 Nd5 5. Nf3 Nc6 6. Bc4 e6 7. cxd4 d6 8. exd6 Bxd6 9. O-O O-O 10. Nc3 Nxc3 11. bxc3 Be7 12. Bd3 b6 13. Re1 {D41: Queen's Gambit Declined: Semi-Tarrasch with 5 cxd5} Bb7 {[#]} 14. Bd2 $146 ({Predecessor:} 14. h4 Bxh4 15. Nxh4 Qxh4 16. Re3 g6 17. Rh3 Qf6 18. Bh6 Rfe8 19. Qd2 e5 20. d5 Ne7 21. Bg5 Qd6 22. c4 f6 {1-0 (42) Illescas Cordoba,M (2605)-Volkov,S (2557) Barcelona 2018}) 14... Bf6 15. Qe2 {The position is equal.} Re8 16. Rab1 g6 (16... e5 {looks sharper.} 17. Qe4 g6 18. d5 Ne7 19. c4 Nf5) 17. Be4 (17. Bf4 {with more complications.} Rc8 18. Rbc1 Qd5 19. Be4 Qd7 20. Bd3) 17... Na5 {[%cal Bc6a5,Ba5b7,Bb7d6,Bd6f5][%mdl 32]} 18. Bxb7 Nxb7 19. Be3 Nd6 20. c4 Nf5 21. Red1 Qc7 22. Rbc1 Rac8 23. h3 Red8 24. g4 Nxe3 25. Qxe3 Qb7 26. h4 b5 27. g5 Bg7 28. cxb5 Qxb5 29. Qf4 Qd5 30. Kg2 Rxc1 31. Rxc1 Bxd4 32. Rc7 e5 33. Qf6 Rf8 {Threatens to win with ...Bb6.} 34. h5 (34. Qc6 $15 Rd8 35. Qf6) 34... gxh5 $19 35. Qf5 Qxa2 36. Nh4 (36. Nxd4 $142 exd4 37. Rd7) 36... Qe6 37. Qe4 {intending Nf5.} Bb6 38. Rb7 $2 (38. Rc6 $17 Qe7 39. f4) 38... f5 (38... Qa2 $142 39. Qf3 e4 $1 {[%mdl 512]}) 39. gxf6 (39. Qf3 {was necessary.}) 39... Qg4+ 40. Qxg4+ hxg4 {[%mdl 4096] Endgame KRB-KRN} 41. Kg3 $2 (41. f3) 41... Rxf6 42. Kxg4 (42. f3 $142 h5 43. Kg2) 42... Rf7 43. Rb8+ Rf8 44. Rb7 Rf4+ 45. Kh5 Bxf2 46. Ng2 Rf5+ 47. Kg4 Rf7 48. Rb8+ Kg7 49. Re8 Kf6 50. Kf3 Bd4 51. Ke4 Re7 52. Ra8 Ke6 53. Ne1 Rg7 54. Re8+ Kd7 55. Ra8 Kc6 56. Nc2 Kb7 57. Rd8 a5 {[%cal Ba7a5,Ba5a4][%mdl 32]} 58. Nxd4 exd4 59. Kxd4 {KR-KR} Rc7 60. Rd5 $2 (60. Kd3) 60... Kb6 61. Rd6+ Kb5 62. Rd8 a4 63. Rb8+ Ka5 64. Ra8+ Kb4 65. Rb8+ {[#]} Ka3 $1 66. Kd3 Rc1 67. Kd2 Rh1 68. Kc2 h5 69. Rf8 h4 70. Rf3+ Ka2 71. Re3 (71. Kc3 $142 h3 72. Rf2+ Ka1 73. Kb4 Rb1+ 74. Kxa4) 71... h3 72. Rf3 h2 {Accuracy: White = 31%, Black = 79%.} 0-1

[Event "PanAm Intercolleagiate-ch 2019"]
[Site "Charlotte"]
[Date "2019.12.28"]
[Round "2.1"]
[White "Yim, Sung Ho"]
[Black "Bruzon Batista, Lazaro"]
[Result "0-1"]
[WhiteElo "2254"]
[BlackElo "2640"]
[Annotator "TA"]
[PlyCount "102"]
[EventDate "2019.12.27"]
[EventType "team-tourn"]
[EventCountry "USA"]
[SourceTitle "playchess.com"]
[Source "ChessBase"]
[SourceQuality "1"]

{[%evp 17,128,65,92,89,108,100,110,104,121,112,108,102,109,106,107,101,137,83,125,79,79,56,50,48,59,45,50,50,59,31,55,30,46,11,14,-43,0,10,68,67,64,65,79,74,75,58,99,87,90,97,89,87,82,77,86,72,114,75,81,57,70,-106,-98,-81,-42,-137,-135,-138,-119,-140,-66,-80,-72,-116,-60,-103,-69,-127,-112,-133,-118,-145,-143,-151,-122,-175,-171,-176,-186,-176,-137,-179,-208,-217,-204,-216,-199,-201,-214,-243,-257,-256,-244,-280,-239,-290,-210,-236,-225,-216,0,-396,-331]} 1. d4 Nf6 2. c4 c5 3. d5 g6 4. Nc3 Bg7 5. e4 d6 6. Bd3 O-O 7. h3 e6 8. Nf3 Na6 9. O-O e5 10. a3 {E90: King's Indian: Classical: Early deviations and 6 h3} Kh8 11. Rb1 b6 $146 ({Predecessor:} 11... Ng8 12. Nh2 f5 13. f4 exf4 14. Bxf4 g5 15. Bd2 f4 16. Qh5 h6 17. h4 Nf6 {1-0 (72) Harikrishna,P (2668)-Ivanisevic,I (2664) Kallithea 2008}) 12. b4 {White is better.} Ng8 13. Bg5 f6 14. Bh4 Rf7 15. Bc2 Nh6 16. Qd2 Rf8 17. Kh1 ({White should try} 17. Ba4) 17... Nf7 18. Ne1 Bd7 19. Ba4 Bxa4 20. Nxa4 Rc8 21. Qe2 Qc7 {Black wants to play ...cxb4.} 22. b5 Nb8 23. Nb2 Nd7 24. Ned3 Rce8 25. Qc2 f5 26. exf5 (26. f3 $11) 26... gxf5 (26... g5 $15 27. Bg3 Nh6) 27. f4 $11 e4 (27... Nf6 $11) 28. Nc1 $14 Kg8 29. Ne2 Nh8 30. Be1 Nf6 31. Nd1 Ng6 32. Ne3 Qd7 33. Ng3 Ne7 34. Bc3 Rf7 35. a4 {[%cal Ba3a4,Ba4a5][%mdl 32]} Ref8 36. a5 Ne8 37. Bd2 Bd4 38. Ne2 Rg7 39. Bc3 $2 (39. axb6 $14 axb6 40. Qc1) 39... Bxe3 $17 40. Bxg7 Nxg7 41. Qc3 {[#]} (41. axb6 $1 $15 axb6 42. Qc3) 41... Bd4 $1 {[%cal Rd4c3]} 42. Nxd4 cxd4 43. Qxd4 Nc8 (43... bxa5 $17 44. Ra1 Qc7) 44. Ra1 Qe7 45. Kh2 Re8 ({Black should play} 45... Nh5 $17 46. a6 Qh4) 46. Qe3 h5 47. g3 (47. axb6 $15 Nxb6 48. Qa3) 47... Rd8 48. Qd4 Rd7 49. Ra3 bxa5 50. Rxa5 Nb6 51. Rc1 (51. Rfa1 $17) 51... Ne8 {Played: Rd7-c7} 0-1

[Event "PanAm Intercolleagiate-ch 2019"]
[Site "Charlotte"]
[Date "2019.12.28"]
[Round "2.2"]
[White "Easton, Jack"]
[Black "Lenderman, Aleksandr"]
[Result "1-0"]
[WhiteElo "2165"]
[BlackElo "2638"]
[Annotator "TA"]
[PlyCount "127"]
[EventDate "2019.12.27"]
[EventType "team-tourn"]
[EventCountry "USA"]
[SourceTitle "playchess.com"]
[Source "ChessBase"]
[SourceQuality "1"]

{[%evp 11,127,16,30,17,25,33,24,0,25,15,16,5,17,24,27,37,31,31,38,41,48,38,32,32,32,33,83,86,83,77,85,73,105,83,83,76,95,41,41,32,56,50,50,46,50,50,50,44,118,118,161,168,192,199,185,110,110,112,111,112,117,116,129,129,126,119,120,120,120,120,163,163,163,162,162,156,149,125,125,119,119,117,123,122,191,199,226,224,209,195,669,681,443,339,339,339,29957,29958,29961,29962,29960,29962,29967,29968,29967,29968,29970,29971,29970,29971,29971,29972,29972,29973,29972,29970,29977,29974]} 1. Nf3 d5 2. e3 Nf6 3. c4 e6 4. b3 Be7 5. Bb2 c5 6. cxd5 exd5 7. Bb5+ {A13: English Opening: 1...e6} (7. d4 Nc6 8. dxc5 Bxc5 9. Be2 Bb4+ 10. Nbd2 Ne4 11. a3 Bc3 12. Qc2 Qf6 13. Bxc3 Nxc3 14. Bd3 Ne4 {0-1 (31) Bacrot,E (2684)-Alekseenko,K (2637) chess.com INT 2019}) 7... Bd7 8. Bxd7+ Nbxd7 9. O-O {White has an edge.} O-O 10. Qe2 Rc8 11. Rc1 Re8 12. d4 Ne4 $146 ({Predecessor:} 12... b6 13. Nbd2 Bd6 14. Rc2 Qe7 {1-0 (51) Speelman,J (2583)-Littlewood,P (2401) Torquay 2002}) 13. Nc3 Ndf6 14. dxc5 Rxc5 15. Qd3 Nxc3 16. Bxc3 Ne4 17. Bd4 Rxc1+ 18. Rxc1 Bf6 19. Qb5 b6 20. Bxf6 Nxf6 21. Nd4 h6 22. Nc6 Qd7 23. h3 Kh8 24. Qf1 ({White should play} 24. Nd4 $16) 24... Ne4 $14 25. Rc2 Nc5 26. Nd4 a5 27. Qb5 Qxb5 28. Nxb5 {[%mdl 4096] Endgame KRN-KRN} Rd8 29. Nd4 Kh7 ({Better is} 29... Rc8 $14) 30. Nc6 $1 $16 {[%cal Rc6d8]} Rd6 {[#]} 31. Nxa5 $1 {[%mdl 576] Deflection} bxa5 32. Rxc5 $18 {KR-KR} a4 33. Rc2 (33. bxa4 $18 d4 34. exd4) 33... axb3 $16 34. axb3 d4 35. exd4 Rxd4 36. Rb2 Rb4 37. Kf1 Kg6 38. Ke2 Kf5 39. Kd3 Ke5 40. Kc3 Rb8 41. Rd2 Rc8+ 42. Kb2 $1 Rb8 43. Rd7 Ke6 44. Rc7 Rb5 45. Kc3 Rf5 46. f3 Kd6 47. Rc4 h5 (47... Re5 $16 48. Rg4 g6) 48. b4 $1 $18 Rg5 {[#]} 49. g4 $1 hxg4 50. hxg4 ({Don't do} 50. fxg4 $6 Re5 $16) 50... g6 $2 (50... Rb5 51. f4 Rb8) 51. Kb3 Re5 52. Rc3 f5 {[#]} 53. gxf5 $1 Rxf5 $2 (53... gxf5 $18 54. Ka4 Re1) 54. Ka4 {White mates.} Rf8 55. b5 {[%cal Bb4b5,Bb5b6,Bb6b7][%mdl 32]} Ra8+ 56. Kb4 g5 57. b6 Kd7 58. Kb5 Ra1 59. b7 Rb1+ 60. Ka6 Ra1+ 61. Kb6 Rb1+ 62. Ka7 Ra1+ 63. Kb8 Rb1 64. Ra3 {Accuracy: White = 81%, Black = 53%.} 1-0

[Event "PanAm Intercolleagiate-ch 2019"]
[Site "Charlotte"]
[Date "2019.12.28"]
[Round "2.3"]
[White "Frenkel, Benjamin"]
[Black "Nyzhnyk, Illya"]
[Result "0-1"]
[WhiteElo "2135"]
[BlackElo "2660"]
[Annotator "TA"]
[PlyCount "62"]
[EventDate "2019.12.27"]
[EventType "team-tourn"]
[EventCountry "USA"]
[SourceTitle "playchess.com"]
[Source "ChessBase"]
[SourceQuality "1"]

{[%evp 23,62,0,6,-88,-33,-38,-10,-19,-16,-18,-8,-35,-29,-36,-29,-58,-49,-59,-52,-82,-83,-138,-128,-129,-137,-144,-141,-149,-120,-125,-134,-145,-61,-71,-100,-265,-264,-240,-241,-297,-286]} 1. b3 c5 2. Bb2 Nc6 3. e3 e6 4. Nf3 Nf6 5. d4 b6 6. c4 cxd4 7. exd4 Bb7 8. Nbd2 Be7 9. Bd3 d5 10. O-O O-O 11. Qe2 Rc8 12. Rac1 Re8 13. Ne5 {[#] E14: Queen's Indian: Classical Variation (4 e3)} (13. Rfe1 $11 {keeps the balance.}) (13. Rfe1 Bf8 14. h3 g6 15. Qe3 Bg7 16. a3 Nd7 17. cxd5 exd5 18. Qxe8+ Qxe8 19. Rxe8+ Rxe8 20. b4 Nf8 21. Ne5 Rc8 22. Nxc6 {½-½ (22) Sargissian,G (2672)-Anand,V (2782) Riadh 2017}) 13... dxc4 (13... Nxd4 $1 $17 {[%mdl 512]} 14. Bxd4 dxc4 15. Rxc4 Rxc4 16. Bxh7+ Nxh7 17. Qxc4 Qd6) 14. Rxc4 $15 Nb4 15. Rxc8 $146 {The position is equal.} ({Predecessor:} 15. Rfc1 Nxd3 16. Nxd3 Bd6 17. Rxc8 Bxc8 18. Ne5 Bb7 19. Ndf3 h6 20. Ne1 Nd5 {0-1 (50) Lopez,R (1888)-Salazar Farias,L (2175) Santa Cruz 2014}) 15... Qxc8 16. Bb1 Qa8 17. Ndf3 Ba6 18. Nc4 Nbd5 19. Qd2 Rc8 20. Rc1 Bb4 21. Qg5 h6 $36 {[%mdl 2048] Black has strong initiative.} 22. Qh4 (22. Qe5 $142) 22... b5 $17 23. Nce5 Bc3 24. Bxc3 Nxc3 25. Re1 Nxb1 26. Rxb1 b4 27. Re1 Qd5 (27... Rc2 $17 28. Ng4 Nxg4 29. Qxg4 Be2) 28. h3 $15 Rc2 29. Ng4 $2 (29. Qf4 $17) 29... Nxg4 $19 30. hxg4 Be2 31. g5 Bxf3 {Accuracy: White = 26%, Black = 67%.} ({Stronger than} 31... Rxa2 32. gxh6 Bxf3 33. Re5 $11) 0-1